000
00278nam a2200109Ia 4500
008
201231s9999 xx 000 0 und d
100
_a
Emery, F. E. (ed.)
245
0
_a
Systems Thinking : Selected Readings
260
_a
Harmondsworth
_b
Penguin Books
300
_a
398
942
_c
BK
999
_c
9955
_d
9955